=LDR 00000nam 2200000 4500 =001 INLIS000000000018863 =005 20130612114007 =008 ***********************************Ind** =035 ##$$0010-061300000018863 =041 ##$$a Ind =082 ##$$a 612.63 =090 ##$$a 612.63, Her s =100 ##$$a HERMAWAN, Didik =245 ##$$a Saat hamil tiba, Didik Hermawan =260 ##$$a 2003 $b Surakarta =300 ##$$a x, 138 hlm., ilus., 16 cm =650 ##$$a HAMIL =850 ##$$a NBPNMAT